| 000 | 00752nam a2200217 i 4500 | ||
|---|---|---|---|
| 001 | 171981 | ||
| 003 | ES-MaACL | ||
| 005 | 20250820062022.0 | ||
| 008 | 090610s1986 sp |||| | spa d | ||
| 017 | _aM 8957-1986 | ||
| 020 | _a84-220-1233-2 | ||
| 100 | 0 |
_aGallego, Saturnino. _953544 |
|
| 245 | 1 | 0 |
_aVida y pensamiento de San Juan Bautista de la Salle. _nI, _pBiografía / _cpor Saturnino Gallego. |
| 260 |
_aMadrid : _bLa Editorial Católica, _c1986. |
||
| 300 |
_aXLVII, 1 h., 635 p., 1 h. ; _c20 cm. |
||
| 490 | 1 |
_aBiblioteca de autores cristianos ; _v477 |
|
| 600 | 0 | 4 |
_aJuan Bautista de la Salle, _cSanto _967103 |
| 830 | 0 | 0 |
_aBiblioteca de autores cristianos _v477 _9178679 |
| 852 |
_aES-MaACL _jJ-466 _9R.46092 |
||
| 999 |
_c171981 _d171981 |
||